Nachnamen aus Star-Wars (leicht) - Statistiken

Allgemein
  • Dieses Quiz wurde 304 mal gespielt
  • Das Durchschnittsergebnis liegt bei 8 aus 10
Antwortstatistiken
Vorname Nachname % Korrekt
Obi-Wan Kenobi
100%
Luke Skywalker
100%
Han Solo
99%
Boba Fett
96%
Mace Windu
92%
Padmé Amidala
90%
Ahsoka Tano
81%
Qui-Gon Jinn
70%
Lando Calrissian
66%
Rey Palpatine
52%
Keine übereinstimmenden Quizze gefunden
Verteilung der Resultate
Anzahl Personen mit jedem Resultat
Perzentil nach korrekt beantworteten Fragen
Ihre Resultats-Entwicklung
Sie haben dieses Quiz noch nicht gespielt